000 00504nam a2200157 i 4500
001 68779
003 ES-MaACL
005 20250730063111.0
007 t|
008 040708s1881 sp ||||1| spa d
100 1 _aGinard de la Rosa, Rafael,
_d1848-1918
_957106
245 1 0 _aTragedias de mar y tierra
_b: recuerdos y narraciones del Oriente /
_cRafael Ginard de la Rosa.
260 _aMadrid :
_b[s.n.],
_c1881 (
_fImp. Alvarez Hermanos)
852 _aES-MaACL
_jG-8035
999 _c68779
_d68779